LEADER 01214nam a2200253 i 4500 001 000000172719 003 CaOOAMICUS 005 20081104000000.0 008 081104s2004 it u000 u ita u 013 $a150162 020 $a88-7229-209-3 040 $aSeMil$bita 245 12$aI testimoni di Teresa di Gesł Bambino :$bdai processi di beatificazione e canonizzazione /$c[a cura di Amata Ruffinengo ; prefazione di Giuseppe Pollano]. 260 $aRoma Morena :$bOCD,$c[2004] 300 $a298 p. ;$c24 cm. 500 $aFormulazioni di resp. presi dalla cop. 650 4$aTeresa : del Bambino Gesł - Testimonianze.$0(OLS)http://semarc/subject/32875 700 1 $aPollano, Giuseppe .$0(OLS)http://semarc/name/21065 700 1 $aRuffinengo, Amata.$0(OLS)http://semarc/name/64561 850 $aSeMil 852 $aSeMil$W1$xVenegono$y1$m3H V 118$j123573$B123573$CSeMilBibl$Z2$F138179 $81 996 $6020$a88-7229-209-3$9(OLS)http://semarc/number/160220 996 $6245$aI testimoni di Teresa di Gesł Bambino :$bdai processi di beatificazione e canonizzazione$9(OLS)http://semarc/title/247402 996 $6260$aRoma Morena :$bOCD$9(OLS)http://semarc/publisher/34185 LEADER 01053nam a2200241 i 4500 001 000000075032 003 CaOOAMICUS 005 20250605114438.0 008 070605s1960 it u000 u ita u 040 $aSeMil$bita 100 1 $aFranceschini, Ezio,$d<1906-1983>.$0(OLS)http://semarc/name/17386 245 10$aTeatro latino medievale /$cEzio Franceschini. 260 $aMilano :$bNuova accademia editrice,$ccopyr. 1960. 300 $a336 p., [14] p. di tav. :$bill. ;$c22 cm. 490 0 $aTeatro di tutto il mondo 650 4$aLetteratura latina medievale.$0(OLS)http://semarc/subject/3734 650 4$aTeatro latino - Medioevo.$0(OLS)http://semarc/subject/57768 830 0$aTeatro di tutto il mondo.$0(OLS)http://semarc/title/23721 850 $aSeMil 852 $aSeMil$W1$xVenegono$y1$m1X III 242$j257893$B41184$CSeMilBibl$Z2$F41188 $81 996 $6245$aTeatro latino medievale$9(OLS)http://semarc/title/121747 996 $6260$aMilano :$bNuova accademia editrice$9(OLS)http://semarc/publisher/31675